Manual de gestión de las obras de contratación pública: 4a. edición actualizada con la nueva Ley de Contratos de las administraciones públicas

Uloženo v:
Podrobná bibliografie
Hlavní autor: Rubio González, Alfredo (Autor)
Médium: Kniha
Jazyk:španělština
Vydáno: Madrid María Carmen Ortego Peñas 1997
Vydání:4a. ed
Témata:
Tagy: Přidat tag
Žádné tagy, Buďte první, kdo vytvoří štítek k tomuto záznamu!

MARC

LEADER 00000nam a2200000 a 4500
001 UCQ7674
003 CL-VaPUC
008 981113e19970000SP |||||||||||||||||spa|d
082 0 4 |a 351.711  |b RUB  |2 21 
100 0 |a Rubio González, Alfredo  |e author  |9 421387 
245 1 0 |a Manual de gestión de las obras de contratación pública: 4a. edición actualizada con la nueva Ley de Contratos de las administraciones públicas 
250 |a 4a. ed 
300 |a 185 p 
942 |c BK 
945 |d 19981113 00:00:00  |a rbrito 
260 |a Madrid  |b María Carmen Ortego Peñas  |c 1997 
500 |a Incluye diskette 
650 0 |a Administración pública   |9 255343 
650 0 |a Contratos  |9 255153 
650 0 |a Contratos administrativos  |9 256130 
650 0 |a Obras públicas  |9 261125 
650 7 |a SUBCONTRATOS  |2 CL-VaPUC  |9 385136 
650 7 |a CONTRATO DE OBRAS PUBLICAS  |2 CL-VaPUC  |9 421388 
583 |a last modification  |c 19981113 00:00:00  |k Rodrigo Vera 
999 |c 277137  |d 277135 
952 |0 0  |1 0  |4 0  |6 351_711000000000000_RUB_1997  |7 0  |8 A  |9 314891  |a BIBDER  |b BIBDER  |d 2019-11-20  |i 3480992  |o 351.711 RUB 1997  |p 3480992  |r 2023-01-25  |w 2019-11-20  |y BK  |k DER